Když se lidi povedou /

Hlavní autor: Šloufová, Alena, 1948-
Jazyk: Čeština
Vydáno: Praha : Bondy, 2015
Vydání: 1. vyd.
Témata:
Fyzický popis: 231 s., [16] s. obr. příl. : il. (některé barev.), portréty, faksim. ; 21 cm
Knihy
Uloženo v:
LEADER 01806nam a2200517 a 4500
001 nkc20152682976
003 CZ PrNK
005 20150417081438.0
007 ta
008 150310s2015 xr acfhe 000 0ccze
015 |a cnb002682976 
020 |a 978-80-88073-04-8  |q (váz.) :  |c Kč 249,00 
035 |a (OCoLC)908821872 
040 |a OLA001  |b cze  |d ABA001 
043 |a e-xr--- 
045 |a x-y- 
072 7 |a 316.7  |x Sociologie kultury. Kulturní život  |2 Konspekt  |9 1 
072 7 |a 929  |x Biografie  |2 Konspekt  |9 8 
080 |a 791/792.071.2  |2 MRF 
080 |a 929  |2 MRF 
080 |a 316.7  |2 MRF 
080 |a 929-058.1  |2 MRF 
080 |a (437.3)  |2 MRF 
080 |a (047.53)  |2 MRF 
080 |a (0:82-94)  |2 MRF 
100 1 |a Šloufová, Alena,  |d 1948-  |7 jn20010309128  |4 aut 
245 1 0 |a Když se lidi povedou /  |c Alena Šloufová 
250 |a 1. vyd. 
260 |a Praha :  |b Bondy,  |c 2015 
300 |a 231 s., [16] s. obr. příl. :  |b il. (některé barev.), portréty, faksim. ;  |c 21 cm 
648 7 |a 20.-21. století  |7 ch462155  |2 czenas 
650 0 7 |a herci  |7 ph117199  |z Česko  |y 20.-21. století  |2 czenas 
650 0 7 |a kultura  |7 ph122009  |z Česko  |y 20.-21. století  |2 czenas 
650 0 7 |a osobnosti  |7 ph115615  |z Česko  |y 20.-21. století  |2 czenas 
650 0 9 |a actors  |z Czechia  |y 20th-21st centuries  |2 eczenas 
650 0 9 |a culture  |z Czechia  |y 20th-21st centuries  |2 eczenas 
650 0 9 |a celebrities  |z Czechia  |y 20th-21st centuries  |2 eczenas 
655 7 |a rozhovory  |7 fd133303  |2 czenas 
655 7 |a vzpomínky  |7 fd133830  |2 czenas 
655 9 |a interviews  |2 eczenas 
655 9 |a reminiscences  |2 eczenas 
910 2 |a BOA001  |b 2-1345.045 
990 |a BK 
995 |a 01 
991 |b 201504  |c NOV  |e n 
996 6 |b 2610627492  |c 2-1345.045  |l MZK  |r Sklad / do 1 hodiny  |n 3  |p p.v.  |w 001497881  |u 000010  |a 1  |e BOA001  |j MZK50  |s P